Higher education in North-East India: (Record no. 17086)

MARC details
000 -LEADER
fixed length control field 00786nam a22002177a 4500
005 - DATE AND TIME OF LATEST TRANSACTION
control field 20081020094230.0
008 - FIXED-LENGTH DATA ELEMENTS--GENERAL INFORMATION
fixed length control field 081020t xxu||||| |||| 00| 0 eng d
010 ## - LIBRARY OF CONGRESS CONTROL NUMBER
LC control number ENG-84120
020 ## - INTERNATIONAL STANDARD BOOK NUMBER
International Standard Book Number 8184240569
020 ## - INTERNATIONAL STANDARD BOOK NUMBER
Terms of availability 450.00 (hb)
035 ## - SYSTEM CONTROL NUMBER
System control number EN-67653
082 ## - DEWEY DECIMAL CLASSIFICATION NUMBER
Classification number 378.9541
100 ## - MAIN ENTRY--PERSONAL NAME
Personal name Vanlalchhawna
245 ## - TITLE STATEMENT
Title Higher education in North-East India:
Remainder of title unit cost analysis /
Statement of responsibility, etc by Vanlalchhawna
260 ## - PUBLICATION, DISTRIBUTION, ETC. (IMPRINT)
Place of publication, distribution, etc New Delhi
Name of publisher, distributor, etc Mittal Publications
260 ## - PUBLICATION, DISTRIBUTION, ETC. (IMPRINT)
Date of publication, distribution, etc 2006
300 ## - PHYSICAL DESCRIPTION
Extent xvi,204p
Dimensions 22cm
500 ## - GENERAL NOTE
General note Includes bibliographical references and index
942 ## - ADDED ENTRY ELEMENTS (KOHA)
Source of classification or shelving scheme Dewey Decimal Classification
Koha item type English Books
Classification part 378.9541
Call number suffix VAN
Holdings
Withdrawn status Lost status Source of classification or shelving scheme Damaged status Not for loan Home library Current library Date acquired Source of acquisition Cost, normal purchase price Total Checkouts Full call number Barcode Date last seen Copy number Cost, replacement price Price effective from Koha item type
    Dewey Decimal Classification   Not For Loan D.B.Act.Division D.B.Act.Division 26/02/2007 DBAD / PUB 450.00   378.9541 VAN EN-67653 21/10/2008 1 450.00 21/10/2008 English Books

© Delhi Public Library
Hit Counter
free hit counter